[Event "56th TCh-DEN Ex 2017-18"]
[Site "Denmark DEN"]
[Date "2017.11.18"]
[Round "1.1"]
[Board "1"]
[White "Lindgren, Philip"]
[Black "Matthiesen, Martin"]
[Result "1/2-1/2"]
[WhiteTitle "IM"]
[BlackTitle "FM"]
[WhiteElo "2382"]
[BlackElo "2307"]
[WhiteTeam "BMS"]
[BlackTeam "SK1968"]
[WhiteFideId "1713230"]
[BlackFideId "1404067"]
[EventDate "2017.11.18"]

1. d4 Nf6 2. c4 e6 3. Nf3 d5 4. g3 Be7 5. Bg2 O-O 6. O-O dxc4 7. Qc2 a6 8. a4
Bd7 9. Qxc4 Bc6 10. Bf4 Bd6 11. Qc1 Nbd7 12. Nc3 Qe7 13. Bg5 h6 14. Bxf6 Nxf6
15. Qc2 Rfe8 16. e4 e5 17. Rfe1 Rad8 18. Rad1 Bd7 19. h3 b5 20. axb5 Bxb5 21.
Nxb5 axb5 22. dxe5 Bxe5 23. Nxe5 Rxd1 24. Rxd1 Qxe5 25. f4 Qe7 26. e5 Nh7 27.
Qc6 Rd8 28. Rxd8+ Qxd8 29. Qxb5 Qd4+ 30. Kh2 Nf8 31. Qb8 g5 32. fxg5 hxg5 33.
Qxc7 Qxb2 34. Qe7 Ne6 35. Qf6 Qd2 36. Qf5 Kf8 37. Qe4 Kg7 38. Qf3 Kg8 39. Qd5
Qxd5 40. Bxd5 Nc7 41. Bc4 Kg7 42. Kg2 f6 43. e6 f5 44. e7 Kf6 45. Bd3 f4 46.
gxf4 gxf4 47. Kf3 Kxe7 48. Kxf4 Kf6 49. h4 Kg7 50. h5 Kh6 51. Ke5 Kxh5 1/2-1/2

[Event "56th TCh-DEN Ex 2017-18"]
[Site "Denmark DEN"]
[Date "2017.11.18"]
[Round "1.1"]
[Board "2"]
[White "Rewitz, Poul"]
[Black "Haubro, Martin"]
[Result "0-1"]
[WhiteTitle "FM"]
[BlackTitle "IM"]
[WhiteElo "2308"]
[BlackElo "2297"]
[WhiteTeam "SK1968"]
[BlackTeam "BMS"]
[WhiteFideId "1401033"]
[BlackFideId "1414291"]
[EventDate "2017.11.18"]

1. d4 Nf6 2. g3 e6 3. Bg2 c5 4. Nf3 Nc6 5. O-O Qb6 6. dxc5 Bxc5 7. Nc3 Be7 8. a4
d5 9. Be3 Qa5 10. Nd4 O-O 11. Nb3 Qd8 12. Bc5 Bxc5 13. Nxc5 Qe7 14. Nd3 d4 15.
Ne4 Nd5 16. c4 dxc3 17. Nxc3 Nxc3 18. bxc3 Na5 19. Qb1 Qc7 20. c4 Rd8 21. Rc1
Bd7 22. c5 Be8 23. Qb4 Rd7 24. Rab1 Rad8 25. Qf4 Qxf4 26. gxf4 Rc7 27. Rb4 b6
28. cxb6 Rxc1+ 29. Nxc1 axb6 30. Nd3 Rd6 31. h4 Kf8 32. Ne5 f6 33. Nf3 Nb7 34.
e4 Nc5 35. e5 Rd1+ 36. Kh2 Nxa4 37. Bh3 f5 38. Ng5 Ke7 39. Nxh7 b5 40. Ng5 Nc5
41. Kg3 Na6 42. Rb2 b4 43. Kf3 Bb5 44. h5 Bc4 45. Kg3 b3 46. Nf3 Nc5 47. Kh4 Bd5
48. Nd2 Nd3 49. Rxb3 Bxb3 50. Nxb3 Nxf4 0-1

[Event "56th TCh-DEN Ex 2017-18"]
[Site "Denmark DEN"]
[Date "2017.11.18"]
[Round "1.1"]
[Board "3"]
[White "Rostgaard, Tobias Valentin"]
[Black "Matthiesen, Arne"]
[Result "1-0"]
[WhiteTitle "FM"]
[BlackTitle "FM"]
[WhiteElo "2335"]
[BlackElo "2300"]
[WhiteTeam "BMS"]
[BlackTeam "SK1968"]
[WhiteFideId "1408801"]
[BlackFideId "1403524"]
[EventDate "2017.11.18"]

1. e4 c5 2. Nf3 Nc6 3. Bb5 g6 4. Bxc6 bxc6 5. O-O Bg7 6. Re1 Nh6 7. c3 O-O 8. d4
Qb6 9. dxc5 Qxc5 10. Be3 Qh5 11. Nbd2 f6 12. e5 fxe5 13. Nxe5 Qxd1 14. Raxd1 Nf7
15. Nxf7 Rxf7 16. Nc4 d6 17. Rd2 Ba6 18. Na5 c5 19. Bg5 h6 20. Bh4 g5 21. Bg3
Rc8 22. h4 Bf6 23. hxg5 hxg5 24. a4 Rh7 25. Bxd6 Kf7 26. Bg3 Rch8 27. f3 Rh1+
28. Kf2 Rxe1 29. Kxe1 Rh1+ 30. Kf2 g4 31. Nb3 Rf1+ 32. Ke3 gxf3 33. gxf3 c4 34.
Nc5 Bc8 35. Ke2 Rb1 36. Bf2 Bf5 37. Ne4 Ra1 38. Bxa7 Rxa4 39. Bd4 Bh4 40. Bf2
Bf6 41. Bd4 Bh4 42. Ke3 Ra6 43. Be5 Rh6 44. Kd4 Rh5 45. Rh2 Bg6 46. Kxc4 Be1 47.
Re2 Rh1 48. b4 Rf1 49. b5 Bf5 50. b6 Bc8 51. Nc5 Bh4 52. Rh2 Bg5 53. Rh8 Rb1 54.
Bc7 Be6+ 55. Nxe6 Kxe6 56. Rh5 1-0

[Event "56th TCh-DEN Ex 2017-18"]
[Site "Denmark DEN"]
[Date "2017.11.18"]
[Round "1.1"]
[Board "4"]
[White "Bank, Pelle"]
[Black "Sahl, Bjarke"]
[Result "1-0"]
[BlackTitle "IM"]
[WhiteElo "2283"]
[BlackElo "2333"]
[WhiteTeam "SK1968"]
[BlackTeam "BMS"]
[WhiteFideId "1402889"]
[BlackFideId "1400231"]
[EventDate "2017.11.18"]

1. d4 Nf6 2. Bg5 d5 3. e3 Bf5 4. Bxf6 exf6 5. Bd3 Be6 6. Nd2 c6 7. c3 Nd7 8. Qc2
g6 9. Ne2 Bd6 10. Nf4 Qe7 11. O-O-O O-O-O 12. h4 Kb8 13. Kb1 c5 14. Nxe6 fxe6
15. e4 Rc8 16. exd5 cxd4 17. dxe6 Ne5 18. c4 f5 19. Rde1 Ng4 20. Re2 Be5 21. Nf3
Bf6 22. Qd2 Rhd8 23. Qf4+ Ka8 24. Ng5 Rc6 25. Rhe1 a6 26. Nf7 Rdc8 27. g3 h5 28.
Ng5 Rb6 29. Qd2 Ka7 30. Qa5 Rc5 31. Qa3 Ne5 32. Nh3 Qc7 33. Nf4 Be7 34. Qa4 Nxd3
35. Nxd3 Rxc4 36. Qd7 Qxd7 37. exd7 Bf6 38. Re6 1-0

[Event "56th TCh-DEN Ex 2017-18"]
[Site "Denmark DEN"]
[Date "2017.11.18"]
[Round "1.1"]
[Board "5"]
[White "Seegert, Kristian"]
[Black "Hansen, Lars"]
[Result "1/2-1/2"]
[WhiteElo "2241"]
[BlackElo "2243"]
[WhiteTeam "BMS"]
[BlackTeam "SK1968"]
[WhiteFideId "1405098"]
[BlackFideId "1402528"]
[EventDate "2017.11.18"]

1. e4 e6 2. d4 d5 3. Nc3 Nf6 4. Bg5 Be7 5. e5 Nfd7 6. h4 h6 7. Be3 c5 8. Qg4 Rg8
9. Nf3 cxd4 10. Bxd4 Nc6 11. O-O-O a6 12. Bd3 Nxd4 13. Qxd4 Nc5 14. g4 Bd7 15.
Rdg1 Qc7 16. g5 O-O-O 17. gxh6 Nxd3+ 18. cxd3 gxh6 19. Kb1 Kb8 20. Qf4 f6 21.
Qxh6 fxe5 22. Rxg8 Rxg8 23. Qh7 Re8 24. Qg7 d4 25. Ne2 Bc6 26. Rc1 Bd6 27. Qh6
Qf7 28. Ng5 Qf5 29. Rxc6 Qxd3+ 30. Rc2 Rc8 31. Qh7 Qxh7 32. Nxh7 Rh8 33. Ng5 d3
34. Rc1 dxe2 35. Re1 Rxh4 36. Rxe2 Kc7 37. Nxe6+ Kd7 38. Ng7 Rf4 39. Nh5 Rf3 40.
Ng3 Bc5 41. Rxe5 Bxf2 1/2-1/2

[Event "56th TCh-DEN Ex 2017-18"]
[Site "Denmark DEN"]
[Date "2017.11.18"]
[Round "1.1"]
[Board "6"]
[White "Ramsdal, Jens Albert"]
[Black "Pedersen, Nicolai Kvist Brondt"]
[Result "1/2-1/2"]
[WhiteElo "2251"]
[BlackElo "2180"]
[WhiteTeam "SK1968"]
[BlackTeam "BMS"]
[WhiteFideId "1429221"]
[BlackFideId "1413848"]
[EventDate "2017.11.18"]

1. e4 c6 2. d4 d5 3. exd5 cxd5 4. Bd3 Nc6 5. c3 Qc7 6. Ne2 Bg4 7. f3 Bd7 8. Bf4
e5 9. dxe5 Nxe5 10. O-O Bd6 11. Nd4 Ne7 12. Na3 a6 13. Nac2 O-O 14. Kh1 N7g6 15.
Bxg6 hxg6 16. Nb4 Bc6 17. Re1 Nc4 18. Bxd6 Qxd6 19. b3 Nb6 20. Qd2 a5 21. Nd3
Rfe8 22. Rxe8+ Rxe8 23. Re1 Re7 24. Re2 Kf8 25. Qe1 Rxe2 26. Qxe2 Nd7 27. g3 Qe7
28. Qxe7+ Kxe7 29. Kg2 Kd6 30. Kf2 b6 31. Ke3 Bb7 32. b4 Ba6 33. b5 Bc8 34. Nc6
f6 35. Nf4 Ne5 36. Nxe5 fxe5 37. Nxg6 Bf5 38. Nh4 Bb1 39. a4 g5 40. Ng2 Bc2 41.
h4 gxh4 42. gxh4 Bxa4 43. h5 Bc2 44. f4 Bh7 45. fxe5+ Kxe5 46. Nf4 a4 47. Nd3+
Bxd3 48. Kxd3 Kf6 49. Kc2 Kg5 50. Kb2 Kxh5 51. Ka3 Kg5 52. Kxa4 Kf4 53. Kb4 Ke3
54. c4 dxc4 55. Kxc4 Ke4 56. Kc3 Kd5 57. Kc2 Kc4 58. Kb2 Kc5 59. Kc3 Kxb5 60.
Kb3 Kc5 61. Kc3 b5 62. Kb3 b4 63. Kb2 Kb5 64. Kb3 Ka5 65. Kb2 Ka4 66. Ka2 b3+
67. Kb2 Kb4 68. Kb1 Ka3 69. Ka1 b2+ 70. Kb1 Kb3 1/2-1/2

[Event "56th TCh-DEN Ex 2017-18"]
[Site "Denmark DEN"]
[Date "2017.11.18"]
[Round "1.1"]
[Board "7"]
[White "Jacobsen, Mikkel Manosri"]
[Black "Christensen, Thomas2"]
[Result "0-1"]
[WhiteTitle "FM"]
[WhiteElo "2162"]
[BlackElo "2221"]
[WhiteTeam "BMS"]
[BlackTeam "SK1968"]
[WhiteFideId "1444514"]
[BlackFideId "1407635"]
[EventDate "2017.11.18"]

1. Nf3 d5 2. e3 Nf6 3. c4 c6 4. h3 e6 5. b3 a5 6. a3 Nbd7 7. Bb2 Bd6 8. d4 Qe7
9. Nbd2 b6 10. Ne5 Bb7 11. Be2 O-O 12. O-O Rfd8 13. Qe1 Ne4 14. Nxe4 dxe4 15.
Nxd7 Rxd7 16. Qc3 Qg5 17. c5 bxc5 18. dxc5 Bxc5 19. h4 Qf6 20. Qxf6 gxf6 21.
Bxf6 Kf8 22. Rfd1 Rxd1+ 23. Rxd1 Ke8 24. Bh5 Bxa3 25. Rd4 Bb2 26. Rxe4 Bxf6 27.
Rxe6+ Be7 28. Rh6 c5 29. Rxh7 Bd5 30. Be2 Bf6 31. Rh5 Bxb3 32. Rxc5 a4 0-1

[Event "56th TCh-DEN Ex 2017-18"]
[Site "Denmark DEN"]
[Date "2017.11.18"]
[Round "1.1"]
[Board "8"]
[White "Miqueu, Jean-Philippe"]
[Black "Nielsen, Thomas Bach2"]
[Result "0-1"]
[WhiteElo "2118"]
[BlackElo "2146"]
[WhiteTeam "SK1968"]
[BlackTeam "BMS"]
[WhiteFideId "642851"]
[BlackFideId "1401785"]
[EventDate "2017.11.18"]

1. e4 c6 2. d4 d5 3. exd5 cxd5 4. Bd3 Nc6 5. c3 Qc7 6. Ne2 Bg4 7. O-O Nf6 8. Qe1
e6 9. f3 Bh5 10. Qh4 Rg8 11. Bf4 Bd6 12. Qg3 Bxf4 13. Nxf4 Bg6 14. Nxg6 Qxg3 15.
hxg3 hxg6 16. Nd2 Ke7 17. Rfe1 Rac8 18. Nb3 Rc7 19. Kf2 Nd7 20. a4 Kd6 21. Rad1
Rh8 22. Re2 Rcc8 23. Rde1 a6 24. Rd2 Rh6 25. Red1 Rch8 26. a5 Rh1 27. Bc2 Rxd1
28. Rxd1 Rb8 29. Ra1 Rc8 30. Rh1 Rg8 31. Ke2 e5 32. Kd2 exd4 33. cxd4 Nf8 34.
Rh4 Ne6 35. Kc3 Rc8 36. Kd2 Rc7 37. Bd3 g5 38. Rh7 f6 39. Ke3 Re7 40. Kd2 Nexd4
41. Nxd4 Nxd4 42. Rh8 Nb3+ 43. Kc3 Nxa5 44. Rd8+ Ke5 45. f4+ gxf4 46. gxf4+ Kxf4
47. Rxd5 Nc6 48. Bf5 Ne5 49. Bh3 g5 50. Rd6 g4 51. Rxf6+ Kg3 52. Rf8 gxh3 53.
gxh3 Kxh3 54. Kd4 Kg4 55. Kd5 Nf7 56. Kc5 Kf5 57. b4 Re5+ 58. Kb6 Rb5+ 59. Kc7
Kf6 0-1

[Event "56th TCh-DEN Ex 2017-18"]
[Site "Denmark DEN"]
[Date "2017.11.18"]
[Round "1.2"]
[Board "1"]
[White "Hillarp Persson, Tiger"]
[Black "Thybo, Jesper Sondergaard"]
[Result "1-0"]
[WhiteTitle "GM"]
[BlackTitle "IM"]
[WhiteElo "2531"]
[BlackElo "2472"]
[WhiteTeam "Bronshoj"]
[BlackTeam "Jetsmark"]
[WhiteFideId "1700812"]
[BlackFideId "1438832"]
[EventDate "2017.11.18"]

1. d4 Nf6 2. c4 e6 3. Nf3 d5 4. g3 Be7 5. Bg2 O-O 6. O-O dxc4 7. Qc2 a6 8. a4
Bd7 9. Qxc4 Bc6 10. Bg5 a5 11. Nc3 Na6 12. Bxf6 Bxf6 13. e4 g6 14. Rad1 Qe7 15.
e5 Bg7 16. Nd2 Bxg2 17. Kxg2 c5 18. d5 exd5 19. Nxd5 Qxe5 20. Nf3 Qd6 21. Rfe1
Kh8 22. Re7 Nb4 23. Rxb7 Qc6 24. Rb5 Bxb2 25. Rxc5 Qxa4 26. Rb1 Qa3 27. Nc7 Nd3
28. Rd5 Nb4 29. Nb5 Qa4 30. Rxb2 1-0

[Event "56th TCh-DEN Ex 2017-18"]
[Site "Denmark DEN"]
[Date "2017.11.18"]
[Round "1.2"]
[Board "2"]
[White "Rasmussen, Allan Stig"]
[Black "Aagaard, Jacob"]
[Result "1/2-1/2"]
[WhiteTitle "GM"]
[BlackTitle "GM"]
[WhiteElo "2540"]
[BlackElo "2488"]
[WhiteTeam "Jetsmark"]
[BlackTeam "Bronshoj"]
[WhiteFideId "1406000"]
[BlackFideId "1401815"]
[EventDate "2017.11.18"]

1. c4 e5 2. Nc3 Nc6 3. g3 Nf6 4. Bg2 Bc5 5. Nf3 d6 6. O-O a6 7. a3 O-O 8. d3 h6
9. b4 Ba7 10. Bb2 Bg4 11. h3 Be6 12. Nd2 Qd7 13. Kh2 Ne7 14. e4 Nh7 15. f4 f5
16. fxe5 dxe5 17. Nd5 Nc6 18. Nf3 Rae8 19. c5 Bb8 20. Qc2 Ng5 21. Rae1 Nxf3+ 22.
Rxf3 Nd4 23. Bxd4 exd4 24. c6 Qxc6 25. Qxc6 bxc6 26. Nf4 Bd7 27. Rff1 fxe4 28.
Bxe4 c5 29. Ng6 Rxf1 30. Rxf1 c6 31. bxc5 Ba7 32. Rc1 Kf7 33. Rf1+ Kg8 34. Rc1
Kf7 35. Rf1+ 1/2-1/2

[Event "56th TCh-DEN Ex 2017-18"]
[Site "Denmark DEN"]
[Date "2017.11.18"]
[Round "1.2"]
[Board "3"]
[White "Aabling-Thomsen, Jakob"]
[Black "Jensen, Bjarke"]
[Result "1-0"]
[WhiteTitle "IM"]
[BlackTitle "FM"]
[WhiteElo "2360"]
[BlackElo "2319"]
[WhiteTeam "Bronshoj"]
[BlackTeam "Jetsmark"]
[WhiteFideId "1407589"]
[BlackFideId "1403702"]
[EventDate "2017.11.18"]

1. Nf3 d5 2. g3 Nf6 3. Bg2 Bf5 4. O-O e6 5. d3 h6 6. Nbd2 Be7 7. Qe1 O-O 8. e4
Bh7 9. Qe2 Na6 10. e5 Nd7 11. Re1 Nb4 12. Nf1 c5 13. a3 Nc6 14. h4 Rc8 15. N1h2
Re8 16. Bf4 c4 17. dxc4 dxc4 18. Rad1 c3 19. b4 a5 20. Nd4 axb4 21. Nxc6 bxc6
22. axb4 Qc7 23. Rd4 Nb6 24. Ng4 Kh8 25. Nf6 gxf6 26. exf6 e5 27. Bxe5 Bd6 28.
Rxd6 Rxe5 29. Qxe5 Nc4 30. Qe8+ Bg8 31. Rxc6 Rxe8 32. Rxe8 Qa7 33. Rxg8+ Kxg8
34. Rc8+ Kh7 35. Be4# 1-0

[Event "56th TCh-DEN Ex 2017-18"]
[Site "Denmark DEN"]
[Date "2017.11.18"]
[Round "1.2"]
[Board "4"]
[White "Christensen, Stefan"]
[Black "Carstensen, Jacob"]
[Result "0-1"]
[WhiteTitle "FM"]
[BlackTitle "IM"]
[WhiteElo "2278"]
[BlackElo "2361"]
[WhiteTeam "Jetsmark"]
[BlackTeam "Bronshoj"]
[WhiteFideId "1404148"]
[BlackFideId "1404180"]
[EventDate "2017.11.18"]

1. e4 c5 2. Nf3 d6 3. Bc4 Nf6 4. d3 Nc6 5. c3 g6 6. O-O Bg7 7. Bb3 O-O 8. Re1
Bg4 9. h3 Bxf3 10. Qxf3 b5 11. Nd2 Nd7 12. Nf1 Qc7 13. Ne3 a5 14. a4 b4 15. Bd2
Rab8 16. Rab1 e6 17. Qg3 Nce5 18. Ng4 bxc3 19. bxc3 Nxd3 20. Qxd3 Rxb3 21. Rxb3
c4 22. Rb7 Qxb7 23. Qxd6 h5 24. Nh2 Ne5 25. Nf1 Nd3 26. Re3 Be5 27. Qa3 Qb3 28.
Qa1 Rd8 29. g3 Nb2 30. f4 Bc7 31. Re1 Nxa4 32. Rb1 Qc2 33. Be3 Nxc3 34. Rb7 Ne2+ 0-1

[Event "56th TCh-DEN Ex 2017-18"]
[Site "Denmark DEN"]
[Date "2017.11.18"]
[Round "1.2"]
[Board "5"]
[White "Hoi, Carsten"]
[Black "Rosenkilde, Alexander"]
[Result "1/2-1/2"]
[WhiteTitle "GM"]
[WhiteElo "2354"]
[BlackElo "2216"]
[WhiteTeam "Bronshoj"]
[BlackTeam "Jetsmark"]
[WhiteFideId "1400100"]
[BlackFideId "1408488"]
[EventDate "2017.11.18"]

1. d4 Nf6 2. c4 e6 3. Nc3 Bb4 4. e3 O-O 5. Bd3 d5 6. Ne2 dxc4 7. Bxc4 c5 8. a3
cxd4 9. axb4 dxc3 10. Qxd8 Rxd8 11. Nxc3 Nc6 12. b5 Ne5 13. Be2 Nd3+ 14. Bxd3
Rxd3 15. Ke2 Rd8 16. e4 e5 17. Bg5 Be6 18. Rhd1 Bc4+ 19. Kf3 a6 20. b6 Bb3 21.
Rxd8+ Rxd8 22. Ra5 1/2-1/2

[Event "56th TCh-DEN Ex 2017-18"]
[Site "Denmark DEN"]
[Date "2017.11.18"]
[Round "1.2"]
[Board "6"]
[White "Rathlev, Jakob"]
[Black "Palm, Nikolaj"]
[Result "1/2-1/2"]
[WhiteTitle "CM"]
[BlackTitle "FM"]
[WhiteElo "2218"]
[BlackElo "2319"]
[WhiteTeam "Jetsmark"]
[BlackTeam "Bronshoj"]
[WhiteFideId "1405284"]
[BlackFideId "1402145"]
[EventDate "2017.11.18"]

1. Nf3 d5 2. c4 e6 3. g3 Nf6 4. Bg2 Be7 5. O-O O-O 6. b3 b6 7. Bb2 Bb7 8. e3
dxc4 9. bxc4 c5 10. Qe2 Nc6 11. Nc3 Rc8 12. Rac1 Rc7 13. d4 cxd4 14. exd4 Rd7
15. Nd1 Qa8 16. Ne3 Rfd8 17. d5 Nb4 18. Ne5 Rc7 19. a3 Na6 20. Nc6 Rxc6 21. dxc6
Bxc6 22. Bxc6 Qxc6 23. Rfd1 Re8 24. Ng4 Nxg4 25. Qxg4 Bf8 26. Rd2 Nc5 27. Rcd1
f5 28. Qh5 Qc8 29. Qh4 Be7 30. Qf4 Qc6 31. f3 Qc8 32. h4 Qc6 33. Be5 Qc8 34. Kg2
h6 35. Rb1 Qc6 36. Qd4 Bf8 37. Qe3 Be7 38. Rbd1 Qc8 39. Qc3 Bf8 40. Bd6 Bxd6 41.
Rxd6 Kh7 42. Qd2 Qa6 43. Qb4 Rc8 44. Rd8 Rxd8 45. Rxd8 e5 46. h5 e4 47. fxe4
fxe4 48. Qb5 Qxa3 49. Rh8+ 1/2-1/2

[Event "56th TCh-DEN Ex 2017-18"]
[Site "Denmark DEN"]
[Date "2017.11.18"]
[Round "1.2"]
[Board "7"]
[White "Laursen, Niels Norskov"]
[Black "Wilbrandt, Simon Pil"]
[Result "1-0"]
[WhiteTitle "FM"]
[WhiteElo "2304"]
[BlackElo "2115"]
[WhiteTeam "Bronshoj"]
[BlackTeam "Jetsmark"]
[WhiteFideId "1404709"]
[BlackFideId "1436988"]
[EventDate "2017.11.18"]

1. e4 c5 2. Nf3 d6 3. d4 cxd4 4. Nxd4 Nf6 5. Nc3 a6 6. h3 e5 7. Nb3 Be7 8. Be3
Be6 9. Qf3 h5 10. O-O-O Nbd7 11. Kb1 b5 12. Nd5 Bxd5 13. exd5 Nb6 14. Be2 h4 15.
g4 Nfd7 16. Nd2 Rc8 17. Ne4 Na4 18. g5 g6 19. Rc1 Ndc5 20. c4 b4 21. Bd1 Qa5 22.
Bxa4+ Nxa4 23. c5 Rd8 24. cxd6 Bxd6 25. Qf6 O-O 26. Nxd6 Nc3+ 27. bxc3 bxc3 28.
Ka1 c2 29. Qxe5 f6 30. Qe6+ Kh8 31. Bd4 Qb4 32. Bxf6+ Rxf6 33. Qxf6+ Kh7 34.
Qe7+ 1-0

[Event "56th TCh-DEN Ex 2017-18"]
[Site "Denmark DEN"]
[Date "2017.11.18"]
[Round "1.2"]
[Board "8"]
[White "Grubert, Christian"]
[Black "Greger, Roland Reinhard"]
[Result "0-1"]
[WhiteElo "2156"]
[BlackElo "2298"]
[WhiteTeam "Jetsmark"]
[BlackTeam "Bronshoj"]
[WhiteFideId "1406744"]
[BlackFideId "1401530"]
[EventDate "2017.11.18"]

1. e4 e6 2. d3 c5 3. g3 Nc6 4. Nf3 d6 5. Bg2 g6 6. O-O Bg7 7. Re1 Nge7 8. c3 e5
9. Be3 O-O 10. Qd2 Qa5 11. Bh6 b5 12. Bxg7 Kxg7 13. d4 cxd4 14. cxd4 Qxd2 15.
Nbxd2 Bg4 16. dxe5 dxe5 17. Rac1 Rfd8 18. h3 Be6 19. a3 Rab8 20. Rc5 a6 21. Rec1
Rb6 22. Nf1 f6 23. Ne3 Kf7 24. Nd5 Bxd5 25. exd5 Nb8 26. Rc7 Rd7 27. Nd2 f5 28.
Nb1 Rbd6 29. Rxd7 Nxd7 30. Nc3 Nb6 31. Rd1 Nc4 32. Rb1 e4 33. Bf1 Nb6 34. Rd1
Kf6 35. f3 exf3 36. Kf2 Nexd5 37. Kxf3 Ke6 38. Nxd5 Rxd5 39. Rc1 Kd6 40. Ke3 h6
41. b3 Re5+ 42. Kd4 Re4+ 43. Kd3 Nd7 44. Bg2 Ne5+ 45. Kd2 Rd4+ 46. Ke2 Rd3 47.
Rc6+ Nxc6 48. Kxd3 a5 49. Ke3 Kc5 50. Bf1 Nd4 51. b4+ axb4 52. axb4+ Kd5 53. g4
Ke5 54. gxf5 gxf5 55. Kd3 f4 56. Bg2 f3 57. Bf1 Nf5 58. Kd2 Ng3 59. Bxb5 f2 60.
Ke3 f1=Q 61. Bxf1 Nxf1+ 62. Kd3 Ng3 63. Ke3 Nf5+ 64. Kf3 Nd6 65. Kg4 Kf6 66. Kf4
Nb5 67. Kg4 Kg6 68. Kg3 Kg5 69. Kg2 Kf4 70. Kf2 h5 71. Kg2 Nd4 72. Kf2 h4 73.
Kg2 Ke3 74. Kg1 Kf3 75. Kf1 Kg3 76. Kg1 Kxh3 77. Kf2 Kg4 78. Kg2 h3+ 79. Kf1 Kg3
80. Kg1 Nb5 81. Kh1 Nc3 82. Kg1 h2+ 0-1

[Event "56th TCh-DEN Ex 2017-18"]
[Site "Denmark DEN"]
[Date "2017.11.18"]
[Round "1.3"]
[Board "1"]
[White "Hector, Jonny"]
[Black "Jahncke, Giso"]
[Result "1-0"]
[WhiteTitle "GM"]
[BlackTitle "FM"]
[WhiteElo "2493"]
[BlackElo "2352"]
[WhiteTeam "Nordkalotten"]
[BlackTeam "BOV"]
[WhiteFideId "1700090"]
[BlackFideId "24608289"]
[EventDate "2017.11.18"]

1. e4 e5 2. Nf3 Nc6 3. Bc4 Bc5 4. O-O Nf6 5. d3 a6 6. c3 Ba7 7. Bb3 d6 8. Be3
O-O 9. Nbd2 h6 10. Bxa7 Rxa7 11. Re1 Re8 12. Nf1 Ra8 13. Ng3 Na5 14. Bc2 c5 15.
h3 Nc6 16. d4 cxd4 17. cxd4 Qb6 18. d5 Ne7 19. Re3 Ng6 20. Rb3 Qd8 21. a4 a5 22.
Nd2 Nd7 23. Nc4 Ra6 24. Qd2 Qc7 25. Qc3 Nf4 26. Rb5 b6 27. b4 Ra7 28. bxa5 bxa5
29. Bb3 Ba6 30. Rxa5 Nc5 31. Nxd6 Nxb3 32. Qxc7 Rxc7 33. Rxa6 Rd8 34. Rb1 Nc5
35. Rc6 Rxc6 36. dxc6 Nfe6 37. Ngf5 Kf8 38. Rc1 g6 39. Nb7 1-0

[Event "56th TCh-DEN Ex 2017-18"]
[Site "Denmark DEN"]
[Date "2017.11.18"]
[Round "1.2"]
[Board "2"]
[White "Krause, Jonah"]
[Black "Jepson, Christian"]
[Result "0-1"]
[WhiteTitle "FM"]
[BlackTitle "IM"]
[WhiteElo "2366"]
[BlackElo "2404"]
[WhiteTeam "BOV"]
[BlackTeam "Nordkalotten"]
[WhiteFideId "12907910"]
[BlackFideId "1701185"]
[EventDate "2017.11.18"]

1. d4 f5 2. Nf3 Nf6 3. g3 e6 4. Bg2 d5 5. O-O Bd6 6. c4 c6 7. Qc2 O-O 8. Nc3 Qe7
9. Bg5 h6 10. Bf4 Bxf4 11. gxf4 Nbd7 12. e3 dxc4 13. Nd2 Nd5 14. Nxc4 b6 15. a3
Bb7 16. Rac1 Rac8 17. Ne5 Nxe5 18. fxe5 Nxc3 19. bxc3 c5 20. Bxb7 Qxb7 21. f4
cxd4 22. exd4 Rc4 23. Qd3 Rfc8 24. Rf2 Qd5 25. Rfc2 Qa5 26. Kg2 Qxa3 27. d5 Rxf4
28. d6 Qc5 29. Re1 Qc6+ 30. Kg3 Rg4+ 31. Kh3 Qe8 0-1

[Event "56th TCh-DEN Ex 2017-18"]
[Site "Denmark DEN"]
[Date "2017.11.18"]
[Round "1.2"]
[Board "3"]
[White "Sylvan, Jacob"]
[Black "Schwarz, Frank"]
[Result "1/2-1/2"]
[WhiteTitle "FM"]
[WhiteElo "2360"]
[BlackElo "2237"]
[WhiteTeam "Nordkalotten"]
[BlackTeam "BOV"]
[WhiteFideId "1402137"]
[BlackFideId "4658035"]
[EventDate "2017.11.18"]

1. e4 e6 2. d4 d5 3. Nc3 Bb4 4. e5 c5 5. a3 Bxc3+ 6. bxc3 Ne7 7. Qg4 O-O 8. Bd3
f5 9. exf6 Rxf6 10. Bg5 Rf7 11. Qh5 g6 12. Qd1 Nbc6 13. Nf3 Qf8 14. h4 c4 15.
Be2 Nf5 16. h5 Bd7 17. hxg6 hxg6 18. Ne5 Nxe5 19. dxe5 Ba4 20. Qd2 Rc8 21. g4
Ne7 22. Rh3 Nc6 23. Bf6 Rh7 24. Rxh7 Kxh7 25. Qg5 d4 26. Kf1 Qh6 27. Qxh6+ Kxh6
28. Kg2 g5 29. Rh1+ Kg6 30. Rh5 Bxc2 31. Rxg5+ Kf7 32. Rg7+ Kf8 33. Bxc4 Nd8 34.
Bb5 dxc3 35. f3 Bb3 36. Rh7 Nf7 37. g5 Bc2 38. Rg7 Bf5 39. g6 Bxg6 40. Rxg6 c2
41. Bg7+ Ke7 42. Bf6+ Kf8 43. Bg7+ Ke7 1/2-1/2

[Event "56th TCh-DEN Ex 2017-18"]
[Site "Denmark DEN"]
[Date "2017.11.18"]
[Round "1.2"]
[Board "4"]
[White "Reinecker, Kai"]
[Black "Kristensen, Kaare Hove"]
[Result "1-0"]
[BlackTitle "FM"]
[WhiteElo "2254"]
[BlackElo "2318"]
[WhiteTeam "BOV"]
[BlackTeam "Nordkalotten"]
[WhiteFideId "4663390"]
[BlackFideId "1400940"]
[EventDate "2017.11.18"]

1. e4 c5 2. c3 d5 3. exd5 Qxd5 4. d4 Nf6 5. Nf3 Bg4 6. Be2 e6 7. h3 Bh5 8. O-O
Nc6 9. Na3 Be7 10. Nb5 Rc8 11. c4 Qd8 12. dxc5 Bxc5 13. Be3 Bxe3 14. Nd6+ Kf8
15. Nxc8 Bxf2+ 16. Rxf2 Qxc8 17. Qd6+ Ke8 18. Bd3 Qd8 19. Qxd8+ Kxd8 20. Rd1 Ke7
21. g4 Bg6 22. Bxg6 hxg6 23. Rfd2 Rxh3 24. Kg2 Rxf3 25. Kxf3 Ne5+ 26. Kf4 Nxc4
27. Rc2 Nd5+ 28. Rxd5 exd5 29. b3 g5+ 30. Kxg5 Nd6 31. Kf4 Ke6 32. Rc7 g6 33. a4
f6 34. a5 a6 35. Rg7 g5+ 36. Ke3 f5 37. Rg6+ Ke5 38. Rxg5 d4+ 39. Kd3 Kf6 40.
Rg8 Kf7 41. Rh8 fxg4 42. Kxd4 g3 43. Rh1 Ke6 44. Kc5 Ke5 45. Rg1 Ne4+ 46. Kb6
Kf4 47. b4 Nf2 48. Kxb7 Nd3 49. Kxa6 Nxb4+ 50. Kb5 Nd5 51. Kc5 Nc7 52. Kb6 Nd5+
53. Kb7 Nb4 54. Rb1 Nd3 55. Kc6 Ne5+ 56. Kc7 g2 57. a6 Nc4 58. a7 Na3 59. a8=Q
Nxb1 60. Qxg2 1-0